BRE methodology for environmental profiles of construction materials, components and buildings. (Record no. 99660)

MARC details
000 -LEADER
fixed length control field 00689cam a2200229 4500
008 - FIXED-LENGTH DATA ELEMENTS--GENERAL INFORMATION
fixed length control field 000000n1999 000 0 eng u
020 ## - INTERNATIONAL STANDARD BOOK NUMBER
International Standard Book Number 1860812945
035 ## - SYSTEM CONTROL NUMBER
System control number (Sirsi) u100230
041 ## - LANGUAGE CODE
Language code of text/sound track or separate title ENG
050 ## - LIBRARY OF CONGRESS CALL NUMBER
Classification number 691
100 ## - MAIN ENTRY--PERSONAL NAME
Personal name Howard, Nigel
110 ## - MAIN ENTRY--CORPORATE NAME
Corporate name or jurisdiction name as entry element Building Research Establishment
245 ## - TITLE STATEMENT
Title BRE methodology for environmental profiles of construction materials, components and buildings.
260 ## - PUBLICATION, DISTRIBUTION, ETC.
Place of publication, distribution, etc. Watford
Name of publisher, distributor, etc. Construction Research Communications
Date of publication, distribution, etc. 1999
300 ## - PHYSICAL DESCRIPTION
Extent 66p. ; 30CM.
350 ## - PRICE (NR) (BK AM CF MU VM SE) [OBSOLETE]
Price 34.00
650 ## - SUBJECT ADDED ENTRY--TOPICAL TERM
Topical term or geographic name entry element Environment
9 (RLIN) 6238
650 ## - SUBJECT ADDED ENTRY--TOPICAL TERM
Topical term or geographic name entry element BUILT ENVIRONMENT-BUILDING MATERIALS
650 ## - SUBJECT ADDED ENTRY--TOPICAL TERM
Topical term or geographic name entry element BUILT ENVIRONMENT
690 ## - LOCAL SUBJECT ADDED ENTRY--TOPICAL TERM (OCLC, RLIN)
Topical term or geographic name as entry element BUILT ENVIRONMENT
942 ## - ADDED ENTRY ELEMENTS (KOHA)
Suppress in OPAC 0
Holdings
Withdrawn status Lost status Source of classification or shelving scheme Damaged status Not for loan Home library Current library Shelving location Date acquired Total Checkouts Full call number Barcode Date last seen Date last checked out Copy number Price effective from Koha item type
    Dewey Decimal Classification     London London Folio 04/10/1999 9 F691 30058963 06/08/2019 09/03/2005 1 06/08/2019 Book